| 000 | 00869nam a22001817a 4500 | ||
|---|---|---|---|
| 005 | 20231115145638.0 | ||
| 010 | _aHIN-126320 | ||
| 020 |
_a9788195404643 _c150.00 |
||
| 035 | _aHN-98666 | ||
| 037 | _bDBAD/PUB. | ||
| 082 | _a616.12 | ||
| 100 |
_aगोयल,भूषण डॉ ब्रज _958717 |
||
| 245 |
_aह्रदय रोगों की प्राकृतिक चिकित्सक/ _cडॉ ब्रज भूषण गोयल |
||
| 260 |
_a ग्रेटर नोएडा उत्तर प्रदेश _bस्टर्लिंग पब्लिशर्स प्रा.लि. _c2021 |
||
| 270 |
_aप्लाट न.13, ईकोटेक III _bउत्तर प्रदेश _e201306 |
||
| 300 |
_a103पृ _c21सेमी (अजिल्द) |
||
| 942 |
_aDPL _cHN _2ddc _h616.12 _mगोयल |
||
| 999 |
_c199096 _d199096 |
||